SWO(T) of inbound Chinese shopping tourism in Hungary

Bibliográfiai részletek
Szerző: Kazhenova Ainur
További közreműködők: Kovács Edina
Dokumentumtípus: Diplomadolgozat
Kulcsszavak:Shopping tourism
SWO(T) of shopping tourism
Inbound Chinese tourism
Online Access:http://dolgozattar.uni-bge.hu/21060

MARC

LEADER 00000nta a2200000 i 4500
001 dolg21060
005 20190904160817.0
008 190513suuuu hu om 000 eng d
040 |a BGE Dolgozattár Repozitórium  |b hun 
041 |a en 
100 1 |a Kazhenova Ainur 
245 1 0 |a SWO(T) of inbound Chinese shopping tourism in Hungary  |c Kazhenova Ainur  |h [elektronikus dokumentum] 
246 1 1 |a SWO(T) of inbound Chinese shopping tourism in Hungary 
695 |a Shopping tourism 
695 |a SWO(T) of shopping tourism 
695 |a Inbound Chinese tourism 
700 1 |a Kovács Edina  |e ths 
856 4 0 |u http://dolgozattar.uni-bge.hu/21060/1/REPOSITORY.pdf  |z Dokumentum-elérés